دراسات فى تطور الرأسمالية / (Record no. 15775)
[ view plain ]
| 000 -الفاتح | |
|---|---|
| حقل البيانات ثابتة الطول | 00798nam a22001817a 4500 |
| 008 - عناصر البيانات ثابتة الطول - معلومات عامة | |
| حقل البيانات ثابتة الطول | 110802s1978 ua||||| |||| 00| 0 ara d |
| 082 ## - رقم تصنيف ديوى العشرى | |
| رقم الطبعة | 22 |
| رقم التصنيف | 330.122 |
| رقم المادة | د و ب |
| 100 1# - المدخل الرئيسى - إسم شخصى | |
| 9 (RLIN) | 26530 |
| الإسم الشخصى | دوب ، مورس |
| 245 ## - بيان العنوان | |
| العنوان | دراسات فى تطور الرأسمالية / |
| بيان المسئوليه,etc | مورس دوب ؛ تعريب رءوف عباس حامد |
| 260 ## - PUBLICATION, DISTRIBUTION, ETC. (IMPRINT) | |
| مكان الناشر او الموزع | القاهرة : |
| اسم الناشر او الموزع | دار الكتاب الجامعى ، |
| تاريخ النشر أو التوزيع | [1978]. |
| 300 ## - الوصف المادى | |
| التعداد | 494 ص ؛ |
| أبعاد الوعاء | 24 سم. |
| 650 ## - المدخل الاضافى بالموضوع-مصطلح موضوعى | |
| 9 (RLIN) | 13649 |
| مصطلح موضوعي أو اسم جغرافي كعنصر مدخل | الرأسمالية |
| 650 ## - المدخل الاضافى بالموضوع-مصطلح موضوعى | |
| 9 (RLIN) | 26533 |
| مصطلح موضوعي أو اسم جغرافي كعنصر مدخل | الاقتصاد الحر |
| 653 ## - مصطلح تكشيفى غير مقيد | |
| Resource For college | |
| Arrived date list | August2011 |
| 700 ## - المدخل الاضافى - اسم شخصى | |
| 9 (RLIN) | 13381 |
| الإسم الشخصى | حامد ، رءوف عباس |
| الدور | تعريب |
| 942 ## - عناصر المدخل الإضافي( كوها) | |
| مصدر التصنيف او مخطط الترفيف | Dewey Decimal Classification |
| Koha [default] item type | Book - Borrowing |
| حالة التراجع | حالة الفقد | مصدر التصنيف او خطة الترفيف | حالة تلف | ليس للاعارة | مجموعات كوها | المكان الدائم | المكان الحالي | موقع الترفيف | تاريخ الاكتساب | Source of acquisition | رقم الاستدعاء | الباركود | Date last seen | مُعار | نوع الوعاء |
|---|---|---|---|---|---|---|---|---|---|---|---|---|---|---|---|
| Dewey Decimal Classification | Alef-Baa | Central Library | Central Library | First floor | 02/08/2011 | 330.122 د و ب | 000023954 | 15/07/2025 | 22/11/2015 | Book - Borrowing |